LIBRARY & INFORMATION CENTRE, KCAET, TAVANUR

ONLINE PUBLIC ACCESS CATALOGUE (OPAC)

Normal view MARC view
  • Shashi Chawla

Entry Personal Name

Number of records used in: 1

001 - CONTROL NUMBER

  • control field: 136

003 - CONTROL NUMBER IDENTIFIER

  • control field: OSt

005 - DATE AND TIME OF LATEST TRANSACTION

  • control field: 20141209153517.0

008 - FIXED-LENGTH DATA ELEMENTS

  • fixed length control field: 141209|| aca||aabn | a|a d

040 ## - CATALOGING SOURCE

  • Original cataloging agency: OSt
  • Transcribing agency: OSt

100 ## - HEADING--PERSONAL NAME

  • Personal name: Shashi Chawla

670 ## - SOURCE DATA FOUND

  • Source citation: Work cat.: (OSt): Shashi Chawla, A Text Book of Engineering Chemistry, 2012
free website counter